Principles of transaction processing (Record no. 4319)
[ view plain ]
| 000 -LEADER | |
|---|---|
| fixed length control field | 00790 a2200205 4500 |
| 020 ## - INTERNATIONAL STANDARD BOOK NUMBER | |
| International Standard Book Number | 1558604154 |
| 040 ## - CATALOGING SOURCE | |
| Original cataloging agency | DLC |
| Language of cataloging | DLC |
| 082 00 - DEWEY DECIMAL CLASSIFICATION NUMBER | |
| Classification number | 005.434 BER |
| 100 1# - MAIN ENTRY--PERSONAL NAME | |
| Personal name | Bernstein, Philip A. |
| 110 ## - MAIN ENTRY--CORPORATE NAME | |
| Corporate name or jurisdiction name as entry element | Eric Newcomer |
| 245 10 - TITLE STATEMENT | |
| Title | Principles of transaction processing |
| Statement of responsibility, etc. | Philip A. Bernstein, Eric Newcomer |
| 260 ## - PUBLICATION, DISTRIBUTION, ETC. | |
| Place of publication, distribution, etc. | San Francisco, Calif. : |
| Name of publisher, distributor, etc. | Morgan Kaufmann Publishers, |
| Date of publication, distribution, etc. | c1997. |
| 300 ## - PHYSICAL DESCRIPTION | |
| Extent | xxiv, 358 p. : |
| Other physical details | ill. ; |
| Dimensions | 23 cm. |
| 440 #4 - SERIES STATEMENT/ADDED ENTRY--TITLE | |
| Title | The Morgan Kaufmann series in data management systems |
| 650 #0 - SUBJECT ADDED ENTRY--TOPICAL TERM | |
| Topical term or geographic name entry element | Transaction systems (Computer systems) |
| 700 1# - ADDED ENTRY--PERSONAL NAME | |
| Personal name | Newcomer, Eric. |
| 856 42 - ELECTRONIC LOCATION AND ACCESS | |
| Materials specified | Publisher description |
| Uniform Resource Identifier | <a href="http://www.loc.gov/catdir/description/els032/96047916.html">http://www.loc.gov/catdir/description/els032/96047916.html</a> |
| 856 42 - ELECTRONIC LOCATION AND ACCESS | |
| Materials specified | Table of contents |
| Uniform Resource Identifier | <a href="http://www.loc.gov/catdir/toc/els032/96047916.html">http://www.loc.gov/catdir/toc/els032/96047916.html</a> |
| 942 ## - ADDED ENTRY ELEMENTS (KOHA) | |
| Koha item type | Book |
| Call number prefix | 005.434 BER |
| Source of classification or shelving scheme | |
| Withdrawn status | Lost status | Damaged status | Not for loan | Collection code | Permanent Location | Current Location | Shelving location | Date acquired | Source of acquisition | Cost, normal purchase price | Total Checkouts | Full call number | Barcode | Date last seen | Date last checked out | Price effective from | Koha item type |
|---|---|---|---|---|---|---|---|---|---|---|---|---|---|---|---|---|---|
| Central Library (CL) | Central Library (CL) | First Floor - Operating System/ Data Structure | 01/21/2008 | Progressive International Agencies | 3907.98 | 1 | 005.434 BER | SEECS008883 | 01/28/2026 | 10/01/2025 | 01/05/2017 | Book |
